00661 a2200145 4500003000500000005001700005040000900022082001600031100002800047245005600075260003000131300001100161505032200172650002100494Nust20230221081633.0 cNust a297.63, SID aSiddiqui, Abdul Hameed. aThe life of Muhammad (PBUH)cAbdul Hameed Siddiqui. aNew DelhibAdam Pubc1994 a 1975. aArabic before Islam (Page-4), The Dawn (Page-29), The Call (Page-57), The Propaganda Campaign the Holy Prophet (Page-81), The Last Phase of Meccan Life (Page-107), The prophet Gains power (Page-141), The prophet on the Battle Field (Page-187), On the path of Victory (Page-223), Fulfiment of the Mission (Page-271). a Muhammad (PBUH)